Dīvān, (Record no. 50265)

MARC details
000 -LEADER
fixed length control field 00566cam a22001931 4500
001 - CONTROL NUMBER
control field ne 68001279
003 - CONTROL NUMBER IDENTIFIER
control field DLC
005 - DATE AND TIME OF LATEST TRANSACTION
control field 20260227111840.0
008 - FIXED-LENGTH DATA ELEMENTS--GENERAL INFORMATION
fixed length control field 890818s1954 ir c 000 0 perr
010 ## - LIBRARY OF CONGRESS CONTROL NUMBER
LC control number ne 68001279
035 ## - SYSTEM CONTROL NUMBER
System control number (OCoLC)20215762
040 ## - CATALOGING SOURCE
Original cataloging agency DLC
Transcribing agency CU
Modifying agency CU
-- DLC
042 ## - AUTHENTICATION CODE
Authentication code premarc
050 00 - LIBRARY OF CONGRESS CALL NUMBER
Classification number PK6561.A94
Item number A6 1954
100 1# - MAIN ENTRY--PERSONAL NAME
Personal name Āzādī, Gulshān.
245 10 - TITLE STATEMENT
Title Dīvān,
Remainder of title ghazalīyāt, qaṣāyid, qaṭaʻāt, rubāʻīyāt, mas̲navīyāt
Statement of responsibility, etc. [az] Gulshan Āzādī.
260 ## - PUBLICATION, DISTRIBUTION, ETC.
Place of publication, distribution, etc. Mashhad,
Date of publication, distribution, etc. 1333 [1954]
300 ## - PHYSICAL DESCRIPTION
Extent 7, 302 p.
Other physical details port.
Dimensions 22 cm.

No items available.

Powered by Koha